| 000 | 00768nam a2200217Ia 4500 | ||
|---|---|---|---|
| 003 | GCL | ||
| 008 | 140319s9999 xx 000 0 ara d | ||
| 020 | _a6211303977 | ||
| 040 |
_aGCL / _cGCL |
||
| 082 | 0 | 4 |
_a301.412 _bش م |
| 100 | 1 | _aشادية على قناوي | |
| 245 | 1 | 0 |
_aالمرأة العربية وفرص الابداع / _cشادية على قناوي |
| 260 |
_aالقاهرة : _bدار قباء للطباعة والنشر والتوزيع ، _c2000 |
||
| 300 |
_a116 ص ؛ _c18 سم |
||
| 650 | 0 | 4 | _aحقوق المرأة |
| 650 | 0 | 4 | _aالمرأة العربية |
| 650 | 0 | 4 | _aالمرأة - العاملة |
| 650 | 0 | 4 | _aالمرأة - احوال اجتماعية |
| 650 | 0 | 4 | _aالمرأة في الحياة العامة |
| 942 |
_2ddc _cBK |
||
| 999 |
_c5955 _d5955 |
||